Sports Quiz

Random Sports Quiz

New York Mets All-Stars Quiz Stats

 Plays Quiz not verified by Sporcle

Score 0/60 Timer 07:00
0 Plays Today
Position Player % Correct
3BDavid Wright
95%
CMike PIazza
94.8%
PTom Seaver
93%
PJacob deGrom
92.3%
SSJose Reyes
92%
PDwight Gooden
91.1%
OFCarlos Beltran
90.7%
1BKeith Hernandez
89.7%
CGary Carter
88.1%
ManagerDavey Johnson
88.1%
OFDarryl Strawberry
87.7%
3B/OFHoward Johnson
87.5%
PMatt Harvey
87.3%
OFLance Johnson
87.1%
PNoah Syndergaard
84.6%
PRon Darling
81.9%
OFCleon Jones
80.7%
PBobby Jones
79.9%
OFYoenis Cespedes
78.9%
2BEdgardo Alfonzo
77.9%
PJerry Koosman
77.5%
PJeurys Familia
75.3%
ManagerBobby Valentine
75.3%
CTodd Hundley
74.4%
CoachTerry Collins
74.2%
2BDaniel Murphy
74%
PPedro Martinez
73.8%
PAl Leiter
73%
PJohan Santana
73%
ManagerGil Hodges
71.8%
Position Player % Correct
CPaul Lo Duca
71.2%
PSid Fernandez
67.4%
ManagerYogi Berra
67%
PBartolo Colon
65.6%
PTom Glavine
65.4%
PDavid Cone
64.6%
SSBud Harrelson
63%
PRA Dickey
62.4%
PJohn Franco
62.4%
CJerry Grote
58.8%
PBilly Wagner
56.9%
OFDave Kingman
55.7%
PJesse Orosco
52.7%
1BEd Kranepool
51.9%
PJon Matlack
51.5%
PArmando Benitez
50.1%
OFLee Mazzilli
49.3%
CJohn Stearns
48.5%
OFWillie Mays
46.9%
PFrank Viola
46.5%
PTug McGraw
43.7%
PRick Reed
43.1%
2BRon Hunt
41.9%
OFRichie Ashburn
41.2%
IF/OFBobby Bonilla
41%
PFrancisco Rodriguez
39.6%
PBret Saberhagen
38.6%
OFJoel Youngblood
28%
PPat Zachry
27.8%
OFDuke Snider
26.2%

You're not logged in!

Compare scores with friends on all Sporcle quizzes.
OR
Log In

Sporcle TV

Today on Sporcle TV


Watch our educational content, quiz creation guides, and fun videos on Sporcle TV.

Show Comments

Extras

Top Quizzes Today


Score Distribution

Your Account Isn't Verified!

In order to create a playlist on Sporcle, you need to verify the email address you used during registration. Go to your Sporcle Settings to finish the process.

Report this User

Report this user for behavior that violates our Community Guidelines.

Details: